البرهان في علوم القرآن / (رقم التسجيلة. 17471)
[ عرض عادي ]
| 000 -الفاتح | |
|---|---|
| حقل البيانات ثابتة الطول | 01113cam a2200241a 44500 |
| 003 - محدد رقم الضبط | |
| رقم الضبط | OSt |
| 005 - وقت وتاريخ اخر تعامل مع التسجيلة | |
| رقم الضبط | 20150408113938.0 |
| 008 - عناصر البيانات ثابتة الطول - معلومات عامة | |
| حقل البيانات ثابتة الطول | 980503s1972 le g b 00010 ara d |
| 040 ## - مصدر الفهرسة | |
| وكالة الفهرسة الأصلية | mu |
| لغة الفهرسة | ara |
| وكالة النسخ | mb |
| 041 ## - رمز اللغة | |
| رمز لغة النص/ المسارات الصوتية أو العنوان الانفرادي | عربي. |
| 072 #7 - رمز الفئه الموضوعية | |
| رمز فئه الموضوع | 025 |
| مجموعة رمز فئه الموضوع | القرآن الكريم وعلومه ومباحثه |
| 082 04 - رقم تصنيف ديوى العشرى | |
| رقم التصنيف | 225.4 |
| 092 ## - رقم استدعاء ديوى المحلى | |
| رقم التصنيف | 225.4 |
| رقم المادة | ز ب ب |
| 100 1# - المدخل الرئيسى - إسم شخصى | |
| الإسم الشخصى | الزركشي، محمد بن بهادر بن عبد الله، |
| التواريخ المصاحبة للاسم | 745-794هـ. |
| 9 (RLIN) | 843 |
| 245 12 - بيان العنوان | |
| العنوان | البرهان في علوم القرآن / |
| بيان المسئوليه,etc | بدر الدين محمد بن عبد الله الزركشي ؛ تحقيق المرعشلى يوسف عبد الرحمن الذهبى الشيخ جمال حمدى الكردى الشيخ ابراهيم عبد الله |
| 250 ## - بيان الطبعة | |
| بيان الطبعة | ط. 2. |
| 260 ## - PUBLICATION, DISTRIBUTION, ETC. (IMPRINT) | |
| مكان الناشر او الموزع | بيروت |
| اسم الناشر او الموزع | دار المعرفة |
| تاريخ النشر أو التوزيع | 1994 |
| 300 ## - الوصف المادى | |
| التعداد | 4 ج. ؛ |
| أبعاد الوعاء | 24 سم. |
| 630 ## - المدخل الاضافى بالموضوع - عنوان موحد | |
| عنوان موحد | القرآن |
| التقسيم الفرعي العام | علوم |
| مصدر الرأس أو المصطلح | aucsh. 7 |
| 650 ## - المدخل الاضافى بالموضوع-مصطلح موضوعى | |
| مصطلح موضوعي أو اسم جغرافي كعنصر مدخل | علوم القرآن |
| مصدر الرأس أو المصطلح | aucsh.1 |
| 9 (RLIN) | 137 |
| 700 ## - المدخل الاضافى - اسم شخصى | |
| الإسم الشخصى | المرعشلى يوسف عبد الرحمن اذهبى جمال حمدى الكردى ابراهيم عبد الله |
| الدور | محقق.\\ |
| 9 (RLIN) | 30 |
| 942 ## - عناصر المدخل الإضافي( كوها) | |
| مصدر التصنيف او مخطط الترفيف | Dewey Decimal Classification |
| Koha [default] item type | مراجع |
| حالة الفقد | نموذج السعر الفعال | حالة تلف | ليس للاعارة | رقم الطلب | تاريخ الاكتساب | الموقع الحالي | الباركود | الفرع الرئيسي | Date last seen | نوع المادة فى نظام كوها | مصدر التصنيف او خطة الترفيف | Total Checkouts |
|---|---|---|---|---|---|---|---|---|---|---|---|---|
| 2013-03-10 | 225.4ج1زبب | 2011-10-25 | قسم الاجراءات الفنية (IC) | 00038588 | قسم الاجراءات الفنية (IC) | 2013-09-05 | مراجع | Dewey Decimal Classification | ||||
| 2013-03-10 | 225.4ج2زب ب | 2011-10-25 | قسم الاجراءات الفنية (IC) | 00038587 | قسم الاجراءات الفنية (IC) | 2013-03-10 | مراجع | Dewey Decimal Classification | ||||
| 2013-03-10 | 225.4ج3زب ب | 2011-10-25 | قسم الاجراءات الفنية (IC) | 00038586 | قسم الاجراءات الفنية (IC) | 2013-03-10 | مراجع | Dewey Decimal Classification | ||||
| 2013-03-10 | 225.4ج4زب ب | 2011-10-25 | قسم الاجراءات الفنية (IC) | 00036139 | قسم الاجراءات الفنية (IC) | 2013-03-10 | مراجع | Dewey Decimal Classification |
